000 00347nam a2200169Ia 4500
100 _aDavid Flanagan
650 _aJava
942 _cRB
366 _f20
654 _ajavascript
245 _aJavascript-The Definitive Guide
260 _bOrielly
_c2002
082 _a005.133J/DAV
_bDAV
300 _a916
546 _aENGLISH
999 _c34683
_d34683